| 000 | 00672nam a2200193Ia 4500 | ||
|---|---|---|---|
| 008 | 151121s9999||||xx |||||||||||||| ||und|| | ||
| 082 | _a781/देशपां | ||
| 082 | _bHNW-54200 | ||
| 100 | _aदेशप़ांडे वामन हरी | ||
| 245 | _aघरंदाज गायकी | ||
| 260 | _b"मौज प्रकाशन गृह ,मुंबई।" | ||
| 260 | _c-- | ||
| 300 | _a204 | ||
| 600 | _aदेशप़ांडे वामन हरी | ||
| 630 | _aघरंदाज गायकी | ||
| 700 | _aदेशप़ांडे वामन हरी | ||
| 730 | _aघरंदाज गायकी | ||
| 942 | _cBOOK | ||
| 999 |
_c1237540 _d1237537 |
||